|
|
|
|
| LEADER |
00810nam a2200217Ia 4500 |
| 001 |
TDMU_40913 |
| 008 |
210410s9999 xx 000 0 und d |
| 082 |
|
|
|a 895.92209
|
| 090 |
|
|
|b NG527
|
| 100 |
|
|
|a Nguyễn, Thị Mỹ Hồng
|
| 245 |
|
0 |
|a Xuất xứ và truyền thuyết về bánh
|
| 245 |
|
0 |
|b Truyện dân gian
|
| 245 |
|
0 |
|c Nguyễn Thị Mỹ Hồng
|
| 260 |
|
|
|a H.
|
| 260 |
|
|
|b Hội nhà văn
|
| 260 |
|
|
|c 2019
|
| 300 |
|
|
|a 243 tr.
|
| 650 |
|
|
|a Văn học dân gian
|x Truyện
|x Bánh
|z Việt Nam; Truyện dân gian
|x Văn học
|z Việt Nam
|
| 700 |
|
|
|a Hội Văn nghệ dân gian Việt Nam
|
| 856 |
|
|
|u http://lrc.tdmu.edu.vn/opac/search/detail.asp?aID=2&ID=40913
|
| 980 |
|
|
|a Trung tâm Học liệu Trường Đại học Thủ Dầu Một
|